Los grandes procesos (Record no. 158169)

MARC details
000 -LEADER
campo de control de longitud fija 00980nam a22002175i 4500
001 - NÚMERO DE CONTROL
campo de control 158169
003 - IDENTIFICADOR DE NÚMERO DE CONTROL
campo de control ES-MaACL
005 - FECHA Y HORA DE LA ÚLTIMA TRANSACCIÓN
campo de control 20250806051730.0
008 - DATOS DE LONGITUD FIJA--INFORMACIÓN GENERAL
campo de control de longitud fija 970723s1895 sp |||| | spa d
040 ## - FUENTE DE CATALOGACIÓN
Centro catalogador/agencia de origen CYL
Lengua de catalogación spa
Centro/agencia transcriptor CYL
100 1# - ENTRADA PRINCIPAL--NOMBRE DE PERSONA
Nombre de persona Lozano Monzón, Ricardo.
9 (RLIN) 129107
245 14 - MENCIÓN DEL TÍTULO
Título Los grandes procesos
Resto del título : (bradytrofias, autointoxicaciones, infecciones, arterio-esclerosis y Neuropatias) /
Mención de responsabilidad, etc. por Ricardo Lozano Monzón.
260 ## - PUBLICACIÓN, DISTRIBUCIÓN, ETC.
Lugar de publicación, distribución, etc. Zaragoza :
Nombre del editor, distribuidor, etc. [s.n.],
Fecha de publicación, distribución, etc. 1895 (
Fabricante Tip. de Casañal y Compª.)
300 ## - DESCRIPCIÓN FÍSICA
Extensión 97 p. ;
Dimensiones 24 cm.
530 ## - NOTA DISPONIBLE DE FORMULARIO FÍSICO ADICIONAL
Nota de formato físico adicional disponible Disponible también en sitio web.
594 #1 - Nota al título y mención de responsabilidad
Nota al título y mención de responsabilidad Precede al tít.: Memoria del doctorado.
650 07 - PUNTO DE ACCESO ADICIONAL DE MATERIA--TÉRMINO DE MATERIA
Término de materia o nombre geográfico como elemento de entrada Enfermedades
Fuente del encabezamiento o término embne
9 (RLIN) 12257
852 ## - LOCALIZACIÓN
Ubicación ES-MaACL
Número de control de estantería T-784-F-5
Nota libre -- Enc. hol. conservando la cub. original
-- -- Donativo del autor
-- -- Enc. en un vol. facticio
856 ## - LOCALIZACIÓN Y ACCESO ELECTRÓNICOS
Identificador Uniforme de Recursos <a href="http://bibliotecadigitalhispanica.bne.es:80/webclient/DeliveryManager?pid=1833173&custom_att_2=simple_viewer">http://bibliotecadigitalhispanica.bne.es:80/webclient/DeliveryManager?pid=1833173&custom_att_2=simple_viewer</a>
Nota pública Ir a la página
Holdings
Estatus retirado Estado de pérdida Estado de daño No para préstamo Colección Biblioteca de origen Biblioteca actual Ubicación en estantería Fecha de adquisición Total de préstamos Signatura topográfica completa Código de barras Visto por última vez Precio de reemplazo Tipo de ítem Koha
        Colección de folletos Biblioteca del Ateneo de Madrid Biblioteca del Ateneo de Madrid Depósito folletos 17/01/2008   T-784-F-5 1165539 23/02/2023 23/02/2023 Folleto